[Event "44th Chess Olympiad Open 2022"]
[Site "Chennai"]
[Date "2022.07.29"]
[Round "1.24"]
[White "Pantsulaia, Levan"]
[Black "Nyambalo, Joseph Xavier"]
[Result "1-0"]
[WhiteElo "2581"]
[BlackElo "1981"]
[Annotator "TA"]
[PlyCount "69"]
[EventDate "2022.07.29"]
[EventType "team-tourn"]
[EventCountry "IND"]
[SourceTitle "playchess.com"]
[Source "ChessBase"]
[SourceQuality "1"]
[WhiteTeam "Georgia"]
[BlackTeam "MAW"]
[WhiteTeamCountry "GEO"]

1. Nf3 d5 2. g3 g6 3. c4 dxc4 4. Na3 Bg7 5. Nxc4 Nc6 6. d3 e5 7. Bd2 Be6 8. Rc1
Nge7 9. Bg2 O-O 10. O-O h6 11. b4 a6 12. a4 Rb8 13. b5 axb5 14. axb5 Nd4 15. b6
Nxf3+ 16. Bxf3 c6 17. Bb4 Ra8 18. Bd6 Qd7 19. Bc7 Nc8 20. Nxe5 Bxe5 21. Bxe5
Nxb6 22. Rb1 Nd5 23. Qd2 Kh7 24. Rfc1 Ra4 25. Ra1 Rfa8 26. Rxa4 Rxa4 27. Ba1
Ra8 28. Qb2 Rg8 29. Rc4 Ne7 30. Ra4 Nc8 31. h4 b6 32. h5 c5 33. hxg6+ fxg6 34.
Rh4 g5 35. Qf6 1-0

[Event "44th Chess Olympiad Open 2022"]
[Site "Chennai"]
[Date "2022.07.29"]
[Round "1.24"]
[White "Matola Ernest"]
[Black "Gelashvili, Tamaz"]
[Result "0-1"]
[WhiteElo "1964"]
[BlackElo "2549"]
[Annotator "TA"]
[PlyCount "52"]
[EventDate "2022.07.29"]
[EventType "team-tourn"]
[EventCountry "IND"]
[SourceTitle "playchess.com"]
[Source "ChessBase"]
[SourceQuality "1"]
[WhiteTeam "MAW"]
[BlackTeam "Georgia"]
[BlackTeamCountry "GEO"]

1. Nf3 c5 2. g3 Nc6 3. Bg2 g6 4. O-O Bg7 5. d3 d6 6. e4 Nf6 7. Nbd2 O-O 8. Re1
Rb8 9. c3 Nd7 10. Qc2 b5 11. Nf1 b4 12. Bf4 bxc3 13. bxc3 Qa5 14. Bd2 Qa3 15.
Reb1 Ba6 16. Ne1 Nde5 17. f4 Nxd3 18. Rxb8 Rxb8 19. Nxd3 Nd4 20. Qd1 Bxd3 21.
cxd4 Bxd4+ 22. Kh1 Bxa1 23. Qxa1 Rb1 24. Qc3 Qxc3 25. Bxc3 Bxf1 26. Bxf1 Rxf1+
0-1

[Event "44th Chess Olympiad Open 2022"]
[Site "Chennai"]
[Date "2022.07.29"]
[Round "1.24"]
[White "Chiwambo Stansford"]
[Black "Paichadze, Luka"]
[Result "0-1"]
[WhiteElo "1913"]
[BlackElo "2561"]
[Annotator "TA"]
[PlyCount "106"]
[EventDate "2022.07.29"]
[EventType "team-tourn"]
[EventCountry "IND"]
[SourceTitle "playchess.com"]
[Source "ChessBase"]
[SourceQuality "1"]
[WhiteTeam "MAW"]
[BlackTeam "Georgia"]
[BlackTeamCountry "GEO"]

1. c4 e5 2. Nc3 Nf6 3. g3 c6 4. Nf3 e4 5. Nd4 Qb6 6. Nc2 d5 7. Bg2 Bc5 8. O-O
dxc4 9. Nxe4 Nxe4 10. Bxe4 Bh3 11. Bg2 Bxg2 12. Kxg2 O-O 13. d4 cxd3 14. Qxd3
Rd8 15. Qc3 Nd7 16. b4 Be7 17. Be3 Qb5 18. Bd4 Nf6 19. a4 Qh5 20. f3 Nd5 21.
Qb2 Qg6 22. Kh1 Nc7 23. e4 Ne6 24. Bc3 Rd3 25. Rad1 Rad8 26. Rxd3 Rxd3 27. Ne1
Rd1 28. Qe2 Rd8 29. Nc2 Bf6 30. e5 Qd3 31. Qxd3 Rxd3 32. Ba1 Be7 33. f4 g6 34.
Rb1 h5 35. Ne1 Ra3 36. a5 h4 37. Kg2 h3+ 38. Kxh3 Nxf4+ 39. Kg4 Nd5 40. Bd4
Nxb4 41. Bxa7 Rxa5 42. Bb8 Ra4 43. Kf3 Kf8 44. h4 b5 45. g4 Nd5 46. Ng2 Ra3+
47. Kf2 Bc5+ 48. Kf1 Rf3+ 49. Ke1 b4 50. Bd6+ Bxd6 51. exd6 Ke8 52. Ke2 Rg3 53.
Re1 Kd7 0-1

[Event "44th Chess Olympiad Open 2022"]
[Site "Chennai"]
[Date "2022.07.29"]
[Round "1.25"]
[White "Banikas, Hristos"]
[Black "Germinal, Kemly"]
[Result "1-0"]
[WhiteElo "2598"]
[BlackElo "1997"]
[Annotator "TA"]
[PlyCount "65"]
[EventDate "2022.07.29"]
[EventType "team-tourn"]
[EventCountry "IND"]
[SourceTitle "playchess.com"]
[Source "ChessBase"]
[SourceQuality "1"]
[WhiteTeam "Greece"]
[BlackTeam "Haiti"]
[WhiteTeamCountry "GRE"]
[BlackTeamCountry "HAI"]

1. d4 Nf6 2. c4 e6 3. Nf3 c5 4. d5 exd5 5. cxd5 d6 6. e4 g6 7. Nfd2 Bg7 8. Be2
O-O 9. O-O Re8 10. Nc3 Na6 11. Re1 Nc7 12. h3 b6 13. a4 Rb8 14. Qc2 a6 15. Rb1
b5 16. axb5 axb5 17. b4 Bd7 18. bxc5 b4 19. Nd1 Ncxd5 20. c6 Qc7 21. exd5 Bf5
22. Qb3 Bxb1 23. Nxb1 Ne4 24. Be3 Qa5 25. Nd2 Nc3 26. Bf3 Qa3 27. Qc4 Nxd1 28.
Rxd1 Rxe3 29. fxe3 Qxe3+ 30. Kh1 Be5 31. Qe4 Qf2 32. Nc4 f5 33. Qe2 1-0

[Event "44th Chess Olympiad Open 2022"]
[Site "Chennai"]
[Date "2022.07.29"]
[Round "1.25"]
[White "Theodorou, Nikolas"]
[Black "Guillaume, Jude Mirvens"]
[Result "1-0"]
[WhiteElo "2575"]
[BlackElo "2022"]
[Annotator "TA"]
[PlyCount "69"]
[EventDate "2022.07.29"]
[EventType "team-tourn"]
[EventCountry "IND"]
[SourceTitle "playchess.com"]
[Source "ChessBase"]
[SourceQuality "1"]
[WhiteTeam "Greece"]
[BlackTeam "Haiti"]
[WhiteTeamCountry "GRE"]
[BlackTeamCountry "HAI"]

1. d4 d5 2. Nf3 e6 3. c4 Nf6 4. g3 c5 5. cxd5 Nxd5 6. Bg2 Nc6 7. O-O Be7 8.
dxc5 Bxc5 9. a3 a6 10. b4 Be7 11. Bb2 O-O 12. Nc3 Nf6 13. Rc1 Qxd1 14. Rfxd1
Rb8 15. Na4 Rd8 16. Rxd8+ Bxd8 17. Ne5 Ne7 18. Nc4 b5 19. Be5 Rb7 20. Bxb7 Bxb7
21. Bxf6 gxf6 22. Nc5 Bd5 23. Ne3 Bc6 24. Nxa6 Bb6 25. Nc5 Kg7 26. f4 Kg6 27.
Kf2 f5 28. Nc2 Nd5 29. Nd4 Be8 30. e3 Nf6 31. Ke2 Nd5 32. Nd3 f6 33. Nc5 e5 34.
fxe5 fxe5 35. Nxf5 1-0

[Event "44th Chess Olympiad Open 2022"]
[Site "Chennai"]
[Date "2022.07.29"]
[Round "1.25"]
[White "Jean Louis, Marckens"]
[Black "Mastrovasilis, Dimitrios"]
[Result "0-1"]
[WhiteElo "2050"]
[BlackElo "2599"]
[Annotator "TA"]
[PlyCount "66"]
[EventDate "2022.07.29"]
[EventType "team-tourn"]
[EventCountry "IND"]
[SourceTitle "playchess.com"]
[Source "ChessBase"]
[SourceQuality "1"]
[WhiteTeam "Haiti"]
[BlackTeam "Greece"]
[WhiteTeamCountry "HAI"]
[BlackTeamCountry "GRE"]

1. e4 c5 2. Nf3 e6 3. Nc3 a6 4. Be2 b5 5. d4 cxd4 6. Nxd4 Bb7 7. Bf3 Nc6 8.
Nxc6 Bxc6 9. Qd4 Ne7 10. Bg5 f6 11. Bh5+ Ng6 12. Bh4 Qe7 13. f4 Qc5 14. Qxc5
Bxc5 15. Bf2 Bxf2+ 16. Kxf2 b4 17. Nd5 exd5 18. exd5 Bxd5 19. f5 Rc8 20. Rhe1+
Kd8 21. fxg6 Rxc2+ 22. Re2 Rxe2+ 23. Bxe2 hxg6 24. Bxa6 Rxh2 25. Bf1 Rh1 26. b3
Bc6 27. Re1 Rh5 28. Bd3 Ra5 29. Bb1 f5 30. Re2 Rd5 31. Ke1 Rd4 32. Bc2 Rg4 33.
Kf1 Bb5 0-1

[Event "44th Chess Olympiad Open 2022"]
[Site "Chennai"]
[Date "2022.07.29"]
[Round "1.26"]
[White "Vocaturo, Daniele"]
[Black "Gajadin, Dewperkash"]
[Result "1-0"]
[WhiteElo "2616"]
[BlackElo "1990"]
[Annotator "TA"]
[PlyCount "55"]
[EventDate "2022.07.29"]
[EventType "team-tourn"]
[EventCountry "IND"]
[SourceTitle "playchess.com"]
[Source "ChessBase"]
[SourceQuality "1"]
[WhiteTeam "Italy"]
[BlackTeam "Surinam"]
[WhiteTeamCountry "ITA"]
[BlackTeamCountry "SUR"]

1. e4 e5 2. Nf3 Nc6 3. Bc4 Nf6 4. d3 Be7 5. O-O O-O 6. Nc3 d6 7. a4 Be6 8. Nd5
Bxd5 9. exd5 Nb4 10. d4 e4 11. Nd2 Qd7 12. c3 Nbxd5 13. Nxe4 Rae8 14. Ng3 Nb6
15. Bd3 d5 16. Nf5 Bd8 17. Qf3 Ne4 18. a5 g6 19. Nh6+ Kg7 20. axb6 f5 21. bxa7
Bg5 22. Bxg5 Nxg5 23. Qg3 Ne4 24. Bxe4 dxe4 25. Qg5 Ra8 26. Ra5 b6 27. Re5 Rf6
28. Re7+ 1-0

[Event "44th Chess Olympiad Open 2022"]
[Site "Chennai"]
[Date "2022.07.29"]
[Round "1.26"]
[White "Sonis, Francesco"]
[Black "Sanches, Casanova Romario"]
[Result "1-0"]
[WhiteElo "2543"]
[BlackElo "2066"]
[Annotator "TA"]
[PlyCount "117"]
[EventDate "2022.07.29"]
[EventType "team-tourn"]
[EventCountry "IND"]
[SourceTitle "playchess.com"]
[Source "ChessBase"]
[SourceQuality "1"]
[WhiteTeam "Italy"]
[BlackTeam "Surinam"]
[WhiteTeamCountry "ITA"]
[BlackTeamCountry "SUR"]

1. d4 Nf6 2. c4 e6 3. Nf3 d5 4. g3 Be7 5. Bg2 O-O 6. O-O c6 7. Nc3 Nbd7 8. Nd2
e5 9. dxe5 Nxe5 10. cxd5 cxd5 11. Nb3 Be6 12. Nd4 Nc6 13. Nxe6 fxe6 14. Bh3 e5
15. Be6+ Kh8 16. Bxd5 Nxd5 17. Qxd5 Qb6 18. Rb1 Rad8 19. Be3 Rxd5 20. Bxb6 Rd7
21. Be3 Nd4 22. Rfd1 Rfd8 23. Kf1 a6 24. Bxd4 Rxd4 25. Rxd4 Rxd4 26. e3 Rd7 27.
Ke2 Kg8 28. Ne4 Kf7 29. Rc1 h6 30. Rc8 Ke6 31. f3 Kf7 32. h4 Ke6 33. h5 Kf7 34.
g4 Ke6 35. a3 Kf7 36. Rc3 Ke6 37. Rc2 Kf7 38. Rc4 Ke6 39. a4 Kf7 40. b3 Ke6 41.
Nc3 Bg5 42. Nd1 Bf6 43. Nf2 Be7 44. Nd3 Kf6 45. Kd2 Bd6 46. Kc2 Be7 47. Rc8 Bd6
48. Kc3 Be7 49. b4 Bd6 50. Kc4 e4 51. fxe4 Kg5 52. e5 Rc7+ 53. Rxc7 Bxc7 54. e6
Bd6 55. Nc5 Kxg4 56. Nxb7 Be7 57. b5 axb5+ 58. Kxb5 Kxh5 59. a5 1-0

[Event "44th Chess Olympiad Open 2022"]
[Site "Chennai"]
[Date "2022.07.29"]
[Round "1.26"]
[White "Giasi, Viresh"]
[Black "Lodici, Lorenzo"]
[Result "0-1"]
[WhiteElo "2006"]
[BlackElo "2553"]
[Annotator "TA"]
[PlyCount "92"]
[EventDate "2022.07.29"]
[EventType "team-tourn"]
[EventCountry "IND"]
[SourceTitle "playchess.com"]
[Source "ChessBase"]
[SourceQuality "1"]
[WhiteTeam "Surinam"]
[BlackTeam "Italy"]
[WhiteTeamCountry "SUR"]
[BlackTeamCountry "ITA"]

1. e4 c5 2. Nf3 Nc6 3. Nc3 g6 4. Rb1 Bg7 5. Be2 Nf6 6. a3 d5 7. d3 d4 8. Na2
O-O 9. Bd2 b5 10. O-O e5 11. b3 Qd6 12. Ne1 Nd7 13. b4 a6 14. bxc5 Nxc5 15. Nb4
Na4 16. Nxc6 Qxc6 17. Bb4 Re8 18. Qd2 Be6 19. Bf3 Rec8 20. g3 Nc3 21. Bxc3 Qxc3
22. Qxc3 Rxc3 23. Ra1 a5 24. Bg2 a4 25. f4 f6 26. Rf2 Rac8 27. h4 Bf8 28. fxe5
fxe5 29. Nf3 Bxa3 30. Rb1 b4 31. Nxe5 Rxc2 32. Rf6 Rc1+ 33. Rxc1 Rxc1+ 34. Kh2
b3 35. Rxe6 b2 36. Rb6 b1=Q 37. Rxb1 Rxb1 38. Nc6 Bc5 39. e5 a3 40. Kh3 Rb2 41.
Bd5+ Kf8 42. Nd8 Bb6 43. Ne6+ Ke8 44. Ng5 a2 45. Bxa2 Rxa2 46. Nxh7 Bd8 0-1

[Event "44th Chess Olympiad Open 2022"]
[Site "Chennai"]
[Date "2022.07.29"]
[Round "1.26"]
[White "Kalidjo, Imaan"]
[Black "Brunello, Sabino"]
[Result "0-1"]
[WhiteElo "1819"]
[BlackElo "2520"]
[Annotator "TA"]
[PlyCount "91"]
[EventDate "2022.07.29"]
[EventType "team-tourn"]
[EventCountry "IND"]
[SourceTitle "playchess.com"]
[Source "ChessBase"]
[SourceQuality "1"]
[WhiteTeam "Surinam"]
[BlackTeam "Italy"]
[WhiteTeamCountry "SUR"]
[BlackTeamCountry "ITA"]

1. d4 Nf6 2. c4 e6 3. Nf3 b6 4. g3 Ba6 5. b3 Bb7 6. Bg2 Bb4+ 7. Bd2 a5 8. O-O
O-O 9. a3 Be7 10. Nc3 Ne4 11. Nxe4 Bxe4 12. Ne5 Bxg2 13. Kxg2 d6 14. Nf3 Nd7
15. Bc3 f5 16. Qd3 Qe8 17. e4 Qh5 18. Rae1 f4 19. h3 Qg6 20. Kh2 fxg3+ 21. fxg3
d5 22. cxd5 exd5 23. a4 dxe4 24. Qxe4 Qxe4 25. Rxe4 Bd6 26. Kg2 Nf6 27. Re6 Nh5
28. Be1 Rfe8 29. d5 Nf6 30. Nd4 Nxd5 31. Rxe8+ Rxe8 32. Bf2 Bc5 33. Nf5 Re2 34.
Kg1 Rxf2 35. Rxf2 g6 36. Nh4 Nc3 37. Kf1 Bxf2 38. Kxf2 Ne4+ 39. Ke3 Nc5 40. Kd4
Nxb3+ 41. Kc4 Nc5 42. Kb5 Ne4 43. Kc6 Nc3 44. Kxc7 b5 45. axb5 Nxb5+ 46. Kb6
0-1

[Event "44th Chess Olympiad Open 2022"]
[Site "Chennai"]
[Date "2022.07.29"]
[Round "1.27"]
[White "Thybo, Jesper Sondergaard"]
[Black "Al-Sulaiti, Ghanem"]
[Result "1-0"]
[WhiteElo "2520"]
[BlackElo "2183"]
[Annotator "TA"]
[PlyCount "97"]
[EventDate "2022.07.29"]
[EventType "team-tourn"]
[EventCountry "IND"]
[SourceTitle "playchess.com"]
[Source "ChessBase"]
[SourceQuality "1"]
[WhiteTeam "Denmark"]
[BlackTeam "Qatar"]
[WhiteTeamCountry "DEN"]
[BlackTeamCountry "QAT"]

1. e4 c5 2. Nf3 Nc6 3. Bb5 g6 4. Bxc6 bxc6 5. d4 Bg7 6. dxc5 Qa5+ 7. Nbd2 Qxc5
8. O-O Nh6 9. h3 f6 10. Re1 Nf7 11. Nb3 Qb6 12. c4 O-O 13. Be3 Qc7 14. c5 Rb8
15. Qc2 Re8 16. Rac1 Ba6 17. Red1 Rbd8 18. Rd2 Bh6 19. Bxh6 Nxh6 20. Qc3 Nf7
21. Na5 Kg7 22. b4 Bb7 23. Nd4 Bc8 24. Rcd1 Qf4 25. Re1 Qc7 26. Qe3 Rf8 27.
Red1 Rde8 28. a4 Rd8 29. Qc3 Rde8 30. Nf3 Kg8 31. Re1 Kg7 32. e5 Nxe5 33. Nxe5
fxe5 34. Rxe5 Rf6 35. Nc4 e6 36. Nd6 Ref8 37. Ne4 Kg8 38. Nxf6+ Rxf6 39. Re3
Rf5 40. Rf3 Qe5 41. Qxe5 Rxe5 42. Re3 Rf5 43. g4 Rf4 44. b5 cxb5 45. axb5 Rb4
46. c6 d5 47. Ra3 Rxb5 48. Rxa7 Rc5 49. Rc7 1-0

[Event "44th Chess Olympiad Open 2022"]
[Site "Chennai"]
[Date "2022.07.29"]
[Round "1.27"]
[White "Aziz, Husain"]
[Black "Andersen, Mads"]
[Result "1/2-1/2"]
[WhiteElo "2380"]
[BlackElo "2587"]
[Annotator "TA"]
[PlyCount "129"]
[EventDate "2022.07.29"]
[EventType "team-tourn"]
[EventCountry "IND"]
[SourceTitle "playchess.com"]
[Source "ChessBase"]
[SourceQuality "1"]
[WhiteTeam "Qatar"]
[BlackTeam "Denmark"]
[WhiteTeamCountry "QAT"]
[BlackTeamCountry "DEN"]

1. d4 d5 2. c4 c6 3. Nc3 Nf6 4. e3 e6 5. Nf3 Nbd7 6. Qc2 Bd6 7. Be2 O-O 8. O-O
dxc4 9. a4 e5 10. Bxc4 exd4 11. exd4 Nb6 12. Bb3 Nbd5 13. Bg5 Be6 14. Bxd5 cxd5
15. a5 a6 16. Bh4 Rc8 17. Qb3 Rb8 18. Ne5 Bxe5 19. dxe5 d4 20. Qa3 dxc3 21.
exf6 Qd4 22. fxg7 Qxg7 23. Qxc3 Qxc3 24. bxc3 b6 25. Bf6 h6 26. Rfd1 bxa5 27.
Rxa5 Rb6 28. Bd4 Rc6 29. Rd3 Kh7 30. h3 Rg8 31. Kh2 Bc4 32. Rf3 Rcg6 33. g4 Rc8
34. Kg3 Kg8 35. Rff5 Bb5 36. Ra1 Re6 37. h4 Bd3 38. Rf4 Rb8 39. h5 Rc8 40. Kh4
Rb8 41. Rd1 Be2 42. Rg1 Rb5 43. Rf6 Bc4 44. f4 a5 45. g5 hxg5+ 46. Rxg5+ Rxg5
47. Kxg5 Rxf6 48. Bxf6 a4 49. Be7 Kg7 50. h6+ Kh7 51. Bf8 Kg8 52. Kf6 Be6 53.
Bd6 Kh7 54. f5 Bc4 55. Bf8 Kg8 56. Ba3 Kh7 57. Bc1 a3 58. Bxa3 Kxh6 59. Ke5 Kg5
60. f6 Bb3 61. Be7 Kg4 62. Kd4 Kf5 63. c4 Ke6 64. c5 Kd7 65. Ke4 1/2-1/2

[Event "44th Chess Olympiad Open 2022"]
[Site "Chennai"]
[Date "2022.07.29"]
[Round "1.27"]
[White "Yousuf M M Al Mutawa"]
[Black "Rasmussen, Allan Stig"]
[Result "0-1"]
[WhiteElo "2120"]
[BlackElo "2550"]
[Annotator "TA"]
[PlyCount "98"]
[EventDate "2022.07.29"]
[EventType "team-tourn"]
[EventCountry "IND"]
[SourceTitle "playchess.com"]
[Source "ChessBase"]
[SourceQuality "1"]
[WhiteTeam "Qatar"]
[BlackTeam "Denmark"]
[WhiteTeamCountry "QAT"]
[BlackTeamCountry "DEN"]

1. e4 c6 2. d4 d5 3. e5 Bf5 4. Bd3 Bxd3 5. Qxd3 e6 6. Nf3 Qa5+ 7. c3 Qa6 8.
Qxa6 Nxa6 9. O-O Ne7 10. Nbd2 c5 11. Nb3 c4 12. Nbd2 Nc6 13. Ne1 b5 14. a3 Nc7
15. f4 a5 16. Nc2 f5 17. Nf3 Kd7 18. Bd2 Be7 19. Rfb1 Rab8 20. Kf2 Rb7 21. Bc1
b4 22. axb4 axb4 23. Nd2 Rhb8 24. Ne3 Nb5 25. Nd1 Bd8 26. Nf3 Ba5 27. Bd2 Nc7
28. Rc1 Bb6 29. Be3 h6 30. Ng1 Na5 31. Ra4 Nb3 32. Rc2 Ra7 33. Rxa7 Bxa7 34.
Ne2 Bb6 35. Nc1 Na1 36. Re2 Ba5 37. Kf3 Nb5 38. Na2 b3 39. Nb4 Bxb4 40. cxb4
Nc2 41. Rd2 Ra8 42. g4 Ra1 43. gxf5 exf5 44. Bf2 Ke6 45. Ke2 Nxb4 46. Ne3 c3
47. bxc3 Nxc3+ 48. Kf3 Ra2 49. Nc4 dxc4 0-1

[Event "44th Chess Olympiad Open 2022"]
[Site "Chennai"]
[Date "2022.07.29"]
[Round "1.32"]
[White "Sai Han Thiha"]
[Black "Albornoz Cabrera, Carlos Daniel"]
[Result "0-1"]
[WhiteElo "1974"]
[BlackElo "2566"]
[Annotator "TA"]
[PlyCount "75"]
[EventDate "2022.07.29"]
[EventType "team-tourn"]
[EventCountry "IND"]
[SourceTitle "playchess.com"]
[Source "ChessBase"]
[SourceQuality "1"]
[WhiteTeam "Myanmar"]
[BlackTeam "Cuba"]
[WhiteTeamCountry "MYA"]
[BlackTeamCountry "CUB"]

1. d4 Nf6 2. Bf4 g6 3. Nf3 Bg7 4. e3 O-O 5. Be2 d6 6. O-O Nh5 7. Bg5 h6 8. Bh4
g5 9. Ne1 Nf6 10. Bg3 Ne4 11. c4 f5 12. Nc3 Nxg3 13. hxg3 e6 14. Rc1 Nd7 15.
Nd3 c5 16. d5 e5 17. e4 Nf6 18. exf5 e4 19. Ne1 Bxf5 20. Nc2 h5 21. Qd2 g4 22.
Ne3 Bg6 23. a3 Nd7 24. b4 b6 25. Rb1 Rf7 26. Rfc1 Qf6 27. Ncd1 Raf8 28. Bf1 Ne5
29. bxc5 bxc5 30. Rb3 h4 31. Rcb1 hxg3 32. fxg3 Qxf1+ 33. Nxf1 Rxf1+ 34. Kh2
R8f5 35. Nf2 R1xf2 36. Qa5 Nf3+ 37. Rxf3 exf3 38. Kg1 0-1

[Event "44th Chess Olympiad Open 2022"]
[Site "Chennai"]
[Date "2022.07.29"]
[Round "1.40"]
[White "Liu, Yeh Yang"]
[Black "Kazhgaleyev, Murtas"]
[Result "1/2-1/2"]
[WhiteElo "1994"]
[BlackElo "2536"]
[Annotator "TA"]
[PlyCount "149"]
[EventDate "2022.07.29"]
[EventType "team-tourn"]
[EventCountry "IND"]
[SourceTitle "playchess.com"]
[Source "ChessBase"]
[SourceQuality "1"]
[WhiteTeam "Taiwan"]
[BlackTeam "Kazakhstan"]
[WhiteTeamCountry "TPE"]
[BlackTeamCountry "KAZ"]

1. e4 c5 2. Nf3 d6 3. c3 Nf6 4. Be2 Bg4 5. e5 dxe5 6. Nxe5 Bxe2 7. Qxe2 Nbd7 8.
Nc4 e6 9. a4 Be7 10. O-O O-O 11. d3 Nb8 12. Bf4 Nc6 13. Nba3 Qd7 14. Rad1 Rfd8
15. Bg3 b6 16. Rfe1 Nd5 17. Qg4 Bf8 18. h4 Nf6 19. Qe2 h6 20. Nb5 Qb7 21. Qf3
Nd5 22. d4 cxd4 23. Nxd4 Rac8 24. Nb5 Qa6 25. b3 Rd7 26. Ne3 Rcd8 27. Nxd5 exd5
28. Bc7 Rc8 29. Bf4 Rcd8 30. Qg4 Qc8 31. Bxh6 a6 32. Nd4 Nxd4 33. cxd4 Re7 34.
Qg3 Rde8 35. Rxe7 Rxe7 36. Rc1 Qe6 37. Bg5 Re8 38. Bf4 Qf5 39. Be5 Kh7 40. Qg5
Qxg5 41. hxg5 Kg6 42. Rc7 Be7 43. Rc6+ Kf5 44. Rxb6 Bxg5 45. Rxa6 f6 46. Bc7
Re1+ 47. Kh2 Rb1 48. Rb6 Ke4 49. a5 Ra1 50. a6 Bd2 51. Rc6 Bb4 52. f3+ Kd3 53.
Kg3 Bc3 54. Kg4 Ra2 55. Kf5 Bxd4 56. b4 Ba7 57. b5 d4 58. Rd6 Bc5 59. Rd8 Ke2
60. Re8+ Kf1 61. b6 Bxb6 62. Bxb6 Rxa6 63. Bxd4 Kxg2 64. Re3 Ra5+ 65. Ke4 Kg3
66. Rb3 f5+ 67. Ke3 g5 68. Bb6 Ra4 69. Ke2 Ra2+ 70. Ke3 Ra4 71. Bc7+ f4+ 72.
Ke2 Ra2+ 73. Ke1 Ra1+ 74. Ke2 Ra2+ 75. Ke1 1/2-1/2

[Event "44th Chess Olympiad Open 2022"]
[Site "Chennai"]
[Date "2022.07.29"]
[Round "1.45"]
[White "Gan-Erdene, Sugar"]
[Black "Lima, Osvaldo Dos Santos"]
[Result "1/2-1/2"]
[WhiteElo "2428"]
[BlackElo "1863"]
[Annotator "TA"]
[PlyCount "43"]
[EventDate "2022.07.29"]
[EventType "team-tourn"]
[EventCountry "IND"]
[SourceTitle "playchess.com"]
[Source "ChessBase"]
[SourceQuality "1"]
[WhiteTeam "Mongolia"]
[BlackTeam "STP"]
[WhiteTeamCountry "MGL"]

1. d4 Nf6 2. c4 g6 3. Nf3 Bg7 4. g3 d6 5. Bg2 Nc6 6. O-O O-O 7. Nc3 a6 8. Qd3
e5 9. dxe5 Nxe5 10. Nxe5 dxe5 11. Qxd8 Rxd8 12. Bg5 h6 13. Bxf6 Bxf6 14. Nd5
Bg7 15. Nxc7 Rb8 16. Nd5 Be6 17. Rfd1 Kf8 18. Rac1 f5 19. e4 f4 20. b4 g5 21.
c5 Bd7 22. Bf1 1/2-1/2

[Event "44th Chess Olympiad Open 2022"]
[Site "Chennai"]
[Date "2022.07.29"]
[Round "1.46"]
[White "Priasmoro, Novendra"]
[Black "Lau, Lut Yin Luke"]
[Result "1/2-1/2"]
[WhiteElo "2494"]
[BlackElo "2027"]
[Annotator "TA"]
[PlyCount "64"]
[EventDate "2022.07.29"]
[EventType "team-tourn"]
[EventCountry "IND"]
[SourceTitle "playchess.com"]
[Source "ChessBase"]
[SourceQuality "1"]
[WhiteTeam "Indonesia"]
[BlackTeam "Hong Kong"]
[WhiteTeamCountry "INA"]
[BlackTeamCountry "HKG"]

1. e4 e5 2. Nf3 Nf6 3. Nxe5 d6 4. Nf3 Nxe4 5. d4 d5 6. Bd3 Bd6 7. O-O O-O 8. c4
c6 9. Re1 Bf5 10. Qb3 Nd7 11. cxd5 Nec5 12. dxc5 Nxc5 13. Bxf5 Nxb3 14. axb3
cxd5 15. Nc3 Qb6 16. Be3 Qxb3 17. Nd4 Qxb2 18. Rec1 Be5 19. Rab1 Qa3 20. Ndb5
Qa5 21. Nxd5 a6 22. Rc5 Qd8 23. f4 Bxf4 24. Bxf4 axb5 25. Bc7 Qh4 26. Bg3 Qh6
27. Bf4 Qa6 28. Rcxb5 Rad8 29. Bc7 Rxd5 30. Rxd5 Qc6 31. Rdb5 Qxc7 32. Be4 Rb8
1/2-1/2

[Event "44th Chess Olympiad Open 2022"]
[Site "Chennai"]
[Date "2022.07.29"]
[Round "1.46"]
[White "Ervan, Mohamad"]
[Black "Nissinen, Niilo Man"]
[Result "1/2-1/2"]
[WhiteElo "2402"]
[BlackElo "1693"]
[Annotator "TA"]
[PlyCount "109"]
[EventDate "2022.07.29"]
[EventType "team-tourn"]
[EventCountry "IND"]
[SourceTitle "playchess.com"]
[Source "ChessBase"]
[SourceQuality "1"]
[WhiteTeam "Indonesia"]
[BlackTeam "Hong Kong"]
[WhiteTeamCountry "INA"]
[BlackTeamCountry "HKG"]

1. e4 c5 2. Nf3 Nc6 3. d4 cxd4 4. Nxd4 Nf6 5. Nc3 e5 6. Ndb5 d6 7. Na3 Bg4 8.
f3 Be6 9. Bg5 Be7 10. Nc4 O-O 11. Bxf6 Bxf6 12. Qxd6 Bh4+ 13. g3 Qf6 14. Qd1
Qh6 15. Kf2 Rad8 16. Nd5 f5 17. Kg2 fxe4 18. fxe4 Qg6 19. Bd3 Bg4 20. Qe1 Bf3+
21. Kg1 Rd7 22. Nce3 Nd4 23. c3 Ne6 24. Nf5 Bd8 25. Qe3 Ng5 26. h4 Bxe4 27.
hxg5 Bxd3 28. Qxd3 Qxf5 29. Qxf5 Rxf5 30. Rd1 Rdf7 31. g6 hxg6 32. Rh2 Bg5 33.
Re2 Rf3 34. Kg2 e4 35. Rd4 e3 36. Nf4 Rf2+ 37. Rxf2 exf2 38. Kxf2 Bf6 39. Rd5
g5 40. Ne6 Bxc3+ 41. Kg2 Bf6 42. Nxg5 Rc7 43. Ne4 Rc2+ 44. Kf3 Bxb2 45. Rd7 Be5
46. Re7 Bd4 47. Ng5 Kf8 48. Rxb7 Rc6 49. Ke4 Bb6 50. Ke5 Rg6 51. Ne6+ Kg8 52.
Rb8+ Kf7 53. Rb7+ Kg8 54. Rb8+ Kf7 55. Rb7+ 1/2-1/2

[Event "44th Chess Olympiad Open 2022"]
[Site "Chennai"]
[Date "2022.07.29"]
[Round "1.46"]
[White "Deng, Yu Dong Michael"]
[Black "Taher, Yoseph Theolifus"]
[Result "0-1"]
[WhiteElo "2028"]
[BlackElo "2463"]
[Annotator "TA"]
[PlyCount "96"]
[EventDate "2022.07.29"]
[EventType "team-tourn"]
[EventCountry "IND"]
[SourceTitle "playchess.com"]
[Source "ChessBase"]
[SourceQuality "1"]
[WhiteTeam "Hong Kong"]
[BlackTeam "Indonesia"]
[WhiteTeamCountry "HKG"]
[BlackTeamCountry "INA"]

1. d4 g6 2. c4 Bg7 3. Nc3 c5 4. d5 Bxc3+ 5. bxc3 f5 6. h4 Nf6 7. Nf3 Qa5 8. Qc2
d6 9. Bg5 Nbd7 10. e3 h6 11. Bf4 Nb6 12. Bd3 Qa4 13. Qb3 e5 14. dxe6 Bxe6 15.
O-O-O O-O-O 16. Nd2 Ng4 17. Rhf1 Ne5 18. Be2 Qa6 19. Bxe5 dxe5 20. Kb1 Bd7 21.
Nf3 Ba4 22. Rxd8+ Rxd8 23. Qa3 Bc2+ 24. Kb2 Qxa3+ 25. Kxa3 e4 26. Ne5 Rd2 27.
Re1 Na4 28. Nxg6 Nxc3 29. Nf4 Ba4 30. Ra1 a6 31. Nd5 Nxd5 32. cxd5 Bd7 33. Re1
Rxd5 34. Rd1 Rxd1 35. Bxd1 b5 36. Kb2 Kc7 37. f3 exf3 38. gxf3 Kd6 39. a3 c4
40. Bc2 Kc5 41. f4 a5 42. e4 fxe4 43. Bxe4 Kd4 44. Bg6 b4 45. axb4 axb4 46. h5
Ba4 47. Bh7 c3+ 48. Ka2 Bd1 0-1